[Event "DEN-ch"]
[Site "Taastrup"]
[Date "1998.04.11"]
[Round "8"]
[White "Hoi, Carsten"]
[Black "Mortensen, Erling"]
[Result "0-1"]
[WhiteElo "2430"]
[BlackElo "2510"]
[Annotator "Stohl,I"]
[PlyCount "95"]
[EventDate "1998.04.04"]
[EventType "tourn"]
[EventRounds "9"]
[EventCountry "DEN"]
[EventCategory "9"]
[SourceTitle "CBM 065"]
[Source "ChessBase"]
[SourceDate "1998.08.06"]
[SourceVersion "1"]
[SourceVersionDate "1998.08.06"]
[SourceQuality "1"]

1. d4 Nf6 2. Nf3 g6 3. Bg5 Bg7 4. Nbd2 O-O 5. e3 {Passive. This game is a very
good example of how Black can play for a win against a solid, but somewhat
passive opening line without taking any exorbitant risks. Mortensen applies
strategical pressure and gradually outplayes his opponent, who concentrates
only on achieving a draw.} ({The crtical move is} 5. e4 d6 (5... d5 $5 $132) 6.
Bc4 (6. c3 h6 7. Bh4 Nc6 8. Be2 e5 9. dxe5 dxe5 10. O-O Qe7 11. Qc2 a5 12. a4
Qc5 13. Nb3 Qa7 14. Nfd2 Nd7 15. Kh1 Nc5 16. f3 Nxb3 17. Nxb3 Qe3 18. Bb5 Qf4
19. g3 Qe3 20. Rae1 Qb6 21. g4 Na7 22. Bc4 Bd7 23. Ra1 Qe3 24. Qf2 Qxf2 25.
Rxf2 Nc8 $11 {Simic,R-Solak,D/Serbian-ch/1998/}) 6... c5 7. dxc5 dxc5 8. O-O
Nc6 9. Re1 h6 10. Bh4 Nd7 $5 11. Rb1 Nde5 12. Nxe5 Nxe5 13. Bd5 g5 14. Bg3 e6
15. Bc4 b6 16. Bf1 Bb7 17. c3 Nd3 18. Re3 Nf4 19. Qc2 Qc7 20. Rbe1 Rfd8 21. h4
$132 {1/2,Popchev,M-Antic,D/Serbian-ch/1998/}) 5... d6 6. Be2 c5 ({Another
possible method for Black is} 6... h6 7. Bh4 Qe8 $1 8. O-O e5 9. Nb3 e4 10.
Nfd2 Nh7 11. Re1 g5 12. Bg3 f5 13. f3 Nf6 14. fxe4 fxe4 15. c4 h5 16. h3 Qg6
17. Rf1 Bh6 18. Kh1 Nc6 19. c5 g4 20. h4 d5 21. Bf4 g3 22. Qe1 Bxf4 23. Rxf4
Ne7 24. Nf1 Nf5 25. c6 b6 26. a4 a5 27. Kg1 Rf7 28. Nc1 Be6 29. Bd1 Rg7 30. Ne2
Rf8 31. Bb3 Ng4 $40 {Eperjesi,L-Pinter,G/Budapest FS05 IM/1998/}) 7. c3 (7.
dxc5 dxc5 8. O-O Nc6 $11) 7... cxd4 8. cxd4 {White avoids any assymetry, but
better was} (8. exd4 $142 h6 (8... Nc6 9. O-O h6 (9... a6 10. a4 Bf5 11. Re1
Re8 12. Qb3 Na5 $6 13. Qa3 Rc8 14. Rac1 Ne4 15. Nxe4 Bxe4 16. Nd2 Bf5 17. d5 $1
h6 18. Be3 Bd7 19. b4 b5 20. axb5 axb5 21. bxa5 Ra8 22. Nb3 {1-0,Schuldt,
V-Lampe,D/OLNN/1993/}) 10. Bh4 e5 (10... Nh5 11. Re1 Nf4 12. Bc4 d5 13. Bf1 g5
14. Bg3 Bf5 15. Bxf4 gxf4 16. Nh4 Bh7 17. Qg4 Qd6 18. Nf5 Bxf5 19. Qxf5 e6 20.
Qg4 f5 21. Qh5 e5 22. dxe5 Nxe5 23. Nf3 Nxf3+ 24. Qxf3 Rae8 25. Red1 Re4 26.
Bd3 Re5 27. Bc2 Rfe8 28. Bb3 $16 {Safundzic,M-Ivekovic,I/CRO-chT2/1996/}) 11.
dxe5 (11. Ne4 $2 g5 12. Nxf6+ Qxf6 13. Bg3 exd4 14. cxd4 Nxd4 15. Nxd4 Qxd4 16.
Bxd6 Rd8 17. Qxd4 Bxd4 18. Ba3 Be6 19. Bf3 Rd7 20. h3 Rc8 21. Rac1 Rxc1 22.
Rxc1 Bxa2 23. Rc8+ Kg7 24. Bc5 Be5 25. g4 Rd1+ 26. Kg2 Bd5 27. Bxd5 Rxd5 28.
Bf8+ Kg6 $17 {Maric,A-Petrovic,M/JUG-chT/1989/}) 11... dxe5 12. Nc4 $14) 9. Bh4
g5 10. Bg3 Nh5 11. Qb3 $5 $13) 8... Nc6 9. O-O (9. h3 $5 Qb6 10. Qb3 $11 (10.
Nc4 Qb4+ 11. Qd2 Ne4 $1 $15)) 9... h6 {[%csl Gc8,Gg7] The ^^ will give Black
at least a moral right to play on.} 10. Bh4 g5 11. Bg3 Nh5 12. Bc4 Nxg3 13.
fxg3 $6 {Seriously compromises White's pawn structure without getting any
attacking chances in return.} (13. hxg3 $142 d5 14. Bd3 $11) 13... d5 14. Bd3
f5 $1 $15 15. Kh1 Qd6 16. Rc1 e6 {|^>> One already has the impression Black
has an extra pawn.} 17. a3 Bd7 {[%csl Re3][%cal Ya8e8,Ye6e5] /\Rae8,e5,><e3}
18. Nb3 {Loses time.} (18. Qb3 $142 $15) 18... b6 {[%csl Rb3] פb3} 19. Nbd2
Bf6 20. Bb5 Ne7 21. Qa4 (21. Bxd7 Qxd7 22. Rc3 Rac8 $15) 21... Bxb5 22. Qxb5
Rac8 23. Nb1 $6 (23. Qb4 Qxb4 24. axb4 g4 {[%cal Rf6g5] /\Bg5-/+}) (23. Qa4 a5
24. Rc3 Rxc3 25. bxc3 g4 26. Ng1 Bg5 27. Re1 Rc8 28. c4 dxc4 29. Nxc4 Qc6 $17)
(23. Rfd1 $142 g4 24. Ne1 $15) 23... g4 24. Ng1 (24. Nh4 Kf7 $17 {[%csl Rh4]
פh4}) 24... h5 $1 $40 25. Ne2 h4 26. gxh4 Bxh4 27. Nf4 (27. Rxc8 Rxc8 28. Rc1
Rxc1+ 29. Nxc1 f4 $1 $17 {[%csl Rd4,Rh1] ><d4,Kh1}) 27... Bg5 28. g3 (28. Rc3
$142 $5) 28... Bxf4 29. gxf4 (29. exf4 Nc6 $17 {><d4} (29... Kf7 $5 {[%cal
Gh8h2,Ye7g8,Yg8e4] <->h,/\Ng8-f6-e4})) 29... Kf7 $17 {[%csl Re3,Rh2] ><h2,e3}
30. Nc3 {Now White will get absolutely no counterplay.} (30. Rc3 Rh8 31. Rfc1
Rxc3 32. Nxc3 Ng6 $40) 30... Rh8 {[%cal Gc8c1,Gh8h1] <->c,h,} 31. Ne2 Qd8 $1
32. Ng3 (32. Rxc8 Nxc8 $1 {[%cal Rd8h4] /\Qh4-+}) 32... Ng6 33. Qe2 (33. Rxc8
Qxc8 {hands over the c-file. But White will not be able to avoid this anyway.})
33... Nh4 34. Rxc8 Qxc8 35. Rf2 Nf3 36. Qc2 $8 Qd7 37. Qc1 Kg6 $1 {Useful
prophylaxis. Black stops any possible checks (Qc7+ or so).} 38. Qc2 Rc8 (38...
Rh3 39. Nf1 {is just a loss of time, Black must first invade down the c-file.})
39. Qd1 Qc7 40. Nf1 (40. Ne2 Qc2 $19) 40... Qc4 41. Kg2 Rh8 (41... Qc1 $5 $19)
42. Qe2 (42. Rc2 $4 Qxc2+ 43. Qxc2 Ne1+) (42. Kh1 Rc8 43. Kg2 Qc1 44. Qxc1 Rxc1
$22 45. h3 Ne1+ 46. Kg3 (46. Kh2 Nd3 47. Rd2 Rxf1 (47... Nxf4 $5 $19) 48. Rxd3
Rf2+ $19) 46... Nd3 47. Rd2 Rxf1 48. Rxd3 Rf3+ $19) 42... Qc1 $19 {[%cal Rh8h2]
/\Rh2!,Qg1#} 43. Rxf3 $6 (43. Kh1 $8 Kf6 $142 $5 $19 {[%cal Rh8c8] /\Rc8} (
43... Rc8 44. Qb5 (44. Kg2 Rc2 $1 $19) 44... Rc6 $17 (44... Qe1 45. Qd7 $1 $11)
) 44. Qc2 $2 Rxh2+) 43... gxf3+ 44. Kxf3 Rc8 45. Qg2+ Kf7 46. Ng3 Rc2 47. Ne2
$8 (47. Qh3 Qd1+) 47... Qe1 48. b4 (48. b4 b5 $22 49. Qf2 Qxf2+ 50. Kxf2 Ra2
$19) 0-1

[Event "Lee Cup 4th"]
[Site "Beijing"]
[Date "1997.09.03"]
[Round "10"]
[White "Alterman, Boris"]
[Black "Van Wely, Loek"]
[Result "1/2-1/2"]
[WhiteElo "2615"]
[BlackElo "2655"]
[Annotator "Stohl,I"]
[PlyCount "124"]
[EventDate "1997.08.23"]
[EventType "swiss"]
[EventRounds "11"]
[EventCountry "CHN"]
[SourceTitle "CBM 061"]
[Source "ChessBase"]
[SourceDate "1997.11.23"]
[SourceVersion "1"]
[SourceVersionDate "1997.11.23"]
[SourceQuality "1"]

1. d4 Nf6 2. Nf3 g6 3. Bf4 {A solid system. Black has more than one way to
achieve equality, but attempts to complicate are usually extremely risky.} Bg7
4. e3 c5 5. c3 b6 6. Nbd2 O-O 7. h3 Bb7 8. Bd3 (8. Bh2 d5 9. Be2 Nbd7 10. a4 a6
11. O-O Rc8 12. Qb3 Ne8 13. Rfd1 Nd6 14. Ne5 Nb8 15. Rac1 c4 16. Qa3 Nc6 17. b3
cxb3 18. Qxb3 Na5 19. Qb4 f6 20. Nd3 Ndc4 21. Nf4 Qd7 22. Nxc4 Nxc4 23. Bxc4
Rxc4 24. Qxb6 Rfc8 25. Nd3 Rxc3 26. Rxc3 Rxc3 27. Nc5 Qc8 28. Qb2 {1-0,Ribli,
Z-Lautier,J/Clermont Ferrand/1989/}) (8. Bc4 d5 9. Be2 Nbd7 10. Ne5 Ne8 11.
Nxd7 Qxd7 12. O-O Nd6 13. Re1 e6 14. Bxd6 Qxd6 15. f4 Rac8 16. Nf3 Rfd8 17. Qd2
Rc7 18. Rec1 Rdc8 19. Rc2 a6 20. Rac1 $11 {Benesch,H-Szittar,A/Zalakaros op/
1996/}) 8... d6 9. O-O Nc6 (9... Nbd7 10. a4 a6 11. Qe2 Re8 12. Bh2 e5 13. dxe5
dxe5 14. Bc4 Qe7 15. Ng5 Rf8 16. f3 Ne8 17. Nge4 Kh8 18. Nf2 Nd6 19. Bd3 f5 20.
e4 f4 21. Nc4 Nf7 22. Rab1 Rfc8 23. Rfd1 Bf8 24. Bc2 Rc6 25. Rd2 Rb8 26. Rbd1
Bc8 $13 {Asanov-Eoljan/USSR Spartakiad/1979/}) 10. Qe2 cxd4 $6 {Starting a
double-edged plan, which gives White an advantage.} (10... Re8 11. e4 cxd4 12.
cxd4 e5 13. dxe5 dxe5 14. Be3 Nd4 $11 {1/2,Fischer,J-Ditzler,J/Zuerich op/1989/
}) (10... Rc8 $142 11. a3 Nd7 12. Ba6 Bxa6 13. Qxa6 d5 14. Qe2 e5 15. dxe5
Ndxe5 16. Nxe5 Nxe5 17. Bxe5 Bxe5 18. Nf3 Qe7 19. Rfd1 Rfd8 $11 {Garcia
Albarracin,F-Paramos,R/ESP-ch/1993/}) 11. exd4 e5 12. dxe5 dxe5 13. Bh2 $1 {
[%csl Re5][%cal Gd1d8] ><e5 White leaves the pawn untouched and by tying
Black's forces to the defence of Pe5 he can concentrate on occupying the
d-file.} (13. Nxe5 Nxe5 14. Bxe5 Re8 $44 {/\} 15. Bxf6 $2 Rxe2 16. Bxd8 Rxd2
$19) (13. Bxe5 Nxe5 14. Nxe5 Re8 $36) 13... Re8 14. Rfe1 Re7 (14... e4 15. Nxe4
Nxe4 16. Bxe4 Nd4 17. Qd3 $1 (17. Nxd4 Rxe4 $132) 17... Nxf3+ 18. Qxf3 Qe7 19.
Bd6 $1 $16 (19. Bxb7 $4 Qxe1+ 20. Rxe1 Rxe1#)) 15. Rad1 Qe8 16. Ne4 $36 Nxe4
17. Bxe4 h6 (17... f5 18. Qc4+ Kh8 19. Bxc6 Bxc6 20. Bxe5 $1 $16) 18. Rd6 Rd8
19. Rxd8 (19. Red1 $142 $5 {narrows down Black's options.} Rxd6 20. Rxd6 Nd4 $5
{-19.Rd8}) 19... Qxd8 20. Rd1 Qe8 (20... Qc7 $5 21. Bg3 f5 22. Bd5+ Kh7 $13)
21. Rd6 Nd4 $5 22. Qd3 (22. cxd4 $2 exd4 $19) 22... Bxe4 23. Qxe4 Nxf3+ 24.
Qxf3 Qa4 25. Qd5 {[%cal Gd1d8] <->d} Qc2 26. Qb3 Qe2 $5 (26... Qxb3 27. axb3
Kh7 28. Bg3 f5 29. f3 $14 {_|_}) (26... Qc1+ 27. Rd1 Qg5 28. Qd5 $36) 27. Bg3
$8 e4 $2 {A simple oversight, which loses a pawn.} (27... Kh7 28. Rd8 $14) 28.
Rxg6 Kh7 (28... e3 29. fxe3 Qxe3+ 30. Kh2 $16) 29. Rd6 e3 30. Qd5 $1 Qc2 $8 (
30... Qxb2 $2 31. Qf5+ Kg8 32. Rd8+ Bf8 33. Qg4+ $18) 31. fxe3 Rxe3 32. Bf4 (
32. Bf2 Re2 $5 {/\} (32... Qc1+ 33. Qd1 Qxd1+ 34. Rxd1 Re2 $132) 33. Qxf7 Qc1+
34. Kh2 Rxf2 35. Qxf2 Be5+ $11) 32... Re2 33. Kh2 b5 34. h4 (34. Rd7 $142 $1
$16) 34... a5 35. h5 Qe4 36. Qxe4+ Rxe4 37. Kg3 Be5 $1 38. Bxe5 Rxe5 {[%csl
Rh5][%cal Re5e2] _|_R,/\Re2,><h5} 39. b3 $6 {After this move Black draws
easily. But the endgame was anyway far from simple.} (39. Ra6 a4 (39... b4 40.
c4 $5 $16) 40. c4 bxc4 41. Rxa4 c3 (41... Re2 42. Rb4 c3 43. bxc3 Re3+ (43...
Rxa2 44. Kf3 $16) 44. Kf4 Rxc3 45. a4 $16) 42. bxc3 Re3+ 43. Kf4 Rxc3 44. g4
Kg7 $14 {/+/-}) 39... Re3+ 40. Kh2 Rxc3 41. Ra6 a4 $1 42. bxa4 bxa4 43. Rxa4
Rc5 $11 44. Rh4 (44. g4 f5 45. Kg3 Kg7 $11) 44... Kg7 45. a4 Rg5 46. Kg1 Kf6
47. Kf2 Ra5 48. g3 Kg5 49. Rb4 f5 (49... Kxh5 $4 50. Rb5+ $18) 50. g4 Ra6 $1 (
50... fxg4 $2 51. Rb5+ $18) 51. Kg3 Rc6 (51... fxg4 $143 $6 52. Rb5+ Kf6 53. a5
$36 {[%cal Rb5b6] /\Rb6+-}) 52. gxf5 Rc3+ 53. Kf2 Kxf5 $44 54. Rb5+ Ke4 (54...
Kg4 55. a5 Ra3 $11) 55. a5 Ra3 56. Ke2 Ra2+ 57. Kd1 Kd3 58. Kc1 Kc4 59. Rf5 Kb4
60. Rf6 (60. Kd1 Rxa5 61. Rxa5 Kxa5 62. Ke2 Kb6 63. Kf3 Kc7 64. Ke4 Kd6 65. Kf5
Ke7 $11) 60... Rxa5 61. Rxh6 Kc3 62. Rc6+ Kd3 (62... Kd3 63. h6 Rh5 {[%cal
Yd3g5] /\Ke4-f5-g5}) 1/2-1/2

[Event "Dos Hermanas"]
[Site "Dos Hermanas"]
[Date "1994.??.??"]
[Round "4"]
[White "Rivas Pastor, Manuel"]
[Black "Gelfand, Boris"]
[Result "1/2-1/2"]
[WhiteElo "2505"]
[BlackElo "2685"]
[Annotator "Stohl,I"]
[PlyCount "139"]
[EventDate "1994.04.??"]
[EventType "tourn"]
[EventRounds "9"]
[EventCountry "ESP"]
[EventCategory "16"]
[SourceTitle "CBM 041"]
[Source "ChessBase"]
[SourceDate "1994.08.01"]
[SourceVersion "1"]
[SourceVersionDate "1994.08.01"]
[SourceQuality "1"]

1. d4 {Hecht} Nf6 2. Nf3 g6 (2... c5 3. e3 g6 4. dxc5 Bg7 5. Nbd2 Qa5 6. c4 O-O
7. a3 Qxc5 8. b4 Qc7 9. Bb2 d6 10. Be2 b6 11. O-O Bb7 12. Qb3 Nbd7 13. Rfc1
Rfc8 14. Bc3 a6 15. Qb2 Qb8 16. a4 a5 17. bxa5 bxa5 18. Nb3 Qc7 19. Nfd4 Rcb8
20. Nb5 Qd8 21. f3 Ne8 22. Bxg7 Nxg7 23. c5 Nxc5 24. Nxc5 dxc5 25. Rxc5 Qb6 $10
{Doroshkievich,V-Najer,E/St.Petersburg op/1994/}) 3. Bf4 (3. Bg5 Bg7 4. Nbd2
O-O 5. c3 d6 6. e4 Qe8 (6... c5 7. dxc5 dxc5 8. Be2 Nc6 9. O-O h6 10. Be3 b6
11. h3 Qc7 12. Qc2 Nh5 13. Rfe1 Na5 $6 (13... Nf4 $132) 14. e5 $1 Bh8 15. Bxh6
Ng7 16. Nc4 Nc6 17. Ne3 Rd8 18. Bf4 Ne6 19. Bg3 Na5 20. Qe4 Bb7 21. Qh4 Rd7 22.
Ng5 $40 {Kjeld,M-Ulfarsson,M/Reykjavik op/1994/}) 7. Bd3 e5 8. dxe5 dxe5 9. O-O
h6 10. Bh4 (10. Be3 $5 b6 11. h3) 10... Nbd7 11. Re1 Nh5 12. Nc4 Nc5 13. Bf1 a5
$1 14. b4 axb4 15. cxb4 Ne6 16. a4 Nef4 17. Qc2 g5 18. Bg3 Qe7 19. Qc3 Bd7 20.
Ne3 c6 21. Nd2 Rad8 22. Nb3 Bc8 23. a5 Rd4 24. Nc4 Rdd8 $10 {Bukhman,
E-Arakelian,E/St.Petersburg op/1994/}) 3... d6 4. e3 Nh5 $5 5. Bg5 h6 (5... Bg7
6. Be2 h6 7. Bh4 f5 8. h3 $1 (8. g4 fxg4 9. Nfd2 g5 10. Bxg4 Bxg4 11. Qxg4 Nf6
12. Qg2 Nc6 13. Nc3 Qd7 14. O-O-O O-O-O 15. Bg3 Qf5 16. f3 Qe6 17. Rhe1 Rhf8
18. Nb3 Nb4 19. e4 Qf7 20. Qe2 Nd7 21. Qb5 $36 {Sapis,V-Kupreichik,V/Lvov/1988/
}) 8... c5 9. c3 Qb6 10. Na3 Be6 11. Nd2 $1 Nf6 12. Ndc4 Qd8 13. dxc5 dxc5 14.
Qxd8+ Kxd8 15. Bg3 Nbd7 16. Nb5 Bxc4 17. Bxc4 e5 18. O-O-O a6 19. Nd6 $16 {
Berg,M-Kupreichik,V/Rilton Cup op/1992/}) 6. Bh4 g5 7. Nfd2 Ng7 $8 (7... gxh4
$2 8. Qxh5 e6 9. Bd3 $16) 8. Bg3 Nf5 9. c3 (9. Bd3 Bg7 10. c3 c5 11. Na3 Nc6
12. Qf3 Nxg3 13. fxg3 cxd4 14. exd4 d5 15. O-O O-O 16. Bb5 (16. Qh5 $5) 16...
e5 17. Bxc6 bxc6 18. dxe5 Bxe5 19. Nb3 Qb6+ 20. Kh1 Be6 21. Nc2 Bg7 $15 {
[+]^^,Schneider,B2-Mueller,HG/2BLSW 8990/1990/}) (9. Be2 Nxg3 $6 10. hxg3 Bg7
11. c3 e6 12. g4 Qe7 13. Qb3 Nc6 14. Nf1 Bd7 15. Ng3 O-O-O 16. Qc2 Kb8 17. Nd2
Qf8 18. a4 Ne7 19. a5 f5 20. Qb3 $14 {Sieg,M-Andre,W/2BLN 9091/1990/}) 9... h5
(9... Bg7 10. Bd3 c5 $13) 10. h3 Nxg3 11. fxg3 e6 $6 (11... Bg7 12. Bd3 c5 $132
) 12. Bd3 Nd7 13. O-O Bg7 14. Rf2 Nf6 (14... b6 15. Qf1 $5 Qe7 16. Ba6 $36) 15.
Qe2 g4 (15... h4 16. g4 {/\e4-e5|^}) 16. h4 Qe7 17. Na3 Bd7 18. Raf1 Rf8 (18...
O-O-O 19. e4 (19. Ne4 $6 Nxe4 20. Rxf7 (20. Bxe4 f5 $10) 20... Nxg3 21. Rxe7 (
21. Qf2 Qxf7 22. Qxf7 Nxf1 $13) 21... Nxe2+ 22. Bxe2 Bh6 23. e4 Rdf8 $132)
19... Rhf8 {-18...Rf8}) 19. e4 O-O-O 20. Nac4 Ne8 21. Na5 $1 $36 Kb8 22. Ba6 b6
$8 (22... Bc8 23. Bxb7 $1 Bxb7 24. Qb5 c5 25. Nc6+) (22... bxa6 23. Qxa6 $18)
23. b4 d5 (23... bxa5 $2 24. bxa5 $18 {-><->b} Bc6 25. Qc4 Qd7 26. Rb1+ Ka8 27.
d5) (23... c6 $142 $5 24. Nab3 {/\a4-a5|^} (24. Nb7 $6 Rc8 {/\Rc7})) 24. Nb7 (
24. exd5 $6 bxa5 25. bxa5 Nd6) 24... Nd6 $5 (24... Rc8 25. exd5 {/\Nc5!} c6 26.
d6 $1 $18) 25. Nxd8 Qxd8 26. Bd3 (26. e5 $5 Nf5 27. Rxf5 exf5 28. Bd3 Qc8 29.
Qf2 Bh6 30. Nb3 $16) 26... f5 $1 $16 27. exf5 (27. e5 Ne4 28. Bxe4 dxe4 $14)
27... exf5 28. Re1 Bh6 29. Nf1 Ne4 (29... Re8 30. Qd1 Ne4 31. Bxe4 fxe4 32. Ne3
$16) 30. Bxe4 dxe4 31. Qc4 Qe8 (31... f4 32. gxf4 (32. Rxe4 fxg3 33. Rxf8 Bxf8
34. Nxg3 Qxh4 $132) 32... Qxh4 33. g3 Qe7 34. Qd5 $18) 32. Ne3 Be6 (32... f4
33. Nd5 $18) 33. Qf1 (33. d5 Bd7 34. Qd4 f4 35. Nf1 $5 {/\} e3 36. Rxf4 Bxf4
37. gxf4 e2 38. Ng3 $16) 33... f4 (33... Qd7 $5 34. Nc4 $16) 34. Rxf4 $8 (34.
gxf4 $6 g3 $44) 34... Bxf4 35. gxf4 g3 $8 (35... Bxa2 36. f5 {/\Qf4+-}) 36. f5
Bxf5 $5 (36... Bxa2 37. Qf4 Qc6 38. Rc1 $18) 37. Nxf5 Qe6 38. Qf4 Rxf5 39. Qxe4
(39. Qxg3 $16) 39... Qxe4 40. Rxe4 Rf2 41. Re3 Rxa2 42. Rxg3 a5 (42... Rc2 43.
b5 $5 {/\Rg5+-}) 43. bxa5 bxa5 44. Rg5 Kb7 45. Rxh5 a4 46. Rb5+ (46. Ra5 $6 Kb6
$132) 46... Kc6 (46... Ka6 47. Rb8 Ka7 48. Rb4 $18) 47. c4 Rc2 48. Rb4 a3 49.
Ra4 a2 50. Kh2 Kd7 51. Kh3 $1 (51. d5 $2 Rxc4 52. Rxa2 Rxh4+ $10) 51... Ke6 52.
Ra5 (52. h5 $6 Kf5 53. g4+ Kg5 $1 (53... Kf4 54. c5 $18) 54. Ra5+ Kf4 55. h6 (
55. Rf5+ Ke4 56. Rf1 Rb2 57. Ra1 Kf4 $44) 55... Rc3+ {/\} 56. Kh4 Rc1 $1) 52...
Rxc4 (52... Kf6 53. h5 Rxc4 54. Rxa2 Rxd4 55. g4 $18) 53. d5+ (53. Rxa2 Rxd4
54. Rc2 Kd6 55. h5 $18) 53... Kd6 54. Rxa2 Kxd5 55. Re2 $6 (55. h5 $1 {Hecht}
Rc1 56. g4 Ke5 (56... Rh1+ 57. Rh2 $18) 57. Rf2 c5 58. h6 Rh1+ 59. Rh2 Ra1 60.
Kh4 Kf6 61. Kh5 Kf7 62. g5 c4 63. Rf2+ Kg8 64. Rf6 c3 65. Rc6 $18) 55... Rc1
56. h5 c5 57. Kg4 c4 58. h6 Rh1 59. Kg5 c3 60. Kg6 Rh2 (60... Kc4 61. h7 Kd3
62. Re8 c2 63. Rc8 Kd2 64. Kg7 (64. g4 {Hecht} c1=Q 65. Rxc1 Kxc1 66. g5 Kd2
67. Kg7 Ke3 68. h8=Q $18) 64... c1=Q 65. Rxc1 Kxc1 66. h8=Q Rxh8 67. Kxh8 Kd2
68. g4 $18) 61. h7 $6 (61. Rf2 $1 Kc4 62. Rf4+ Kb3 63. g4 c2 64. Rf1 Rd2 (64...
Kb2 65. g5 c1=Q 66. Rxc1 Kxc1 67. h7 Kd2 68. Kg7 {Hecht} Ke3 69. h8=Q $18) 65.
h7 Rd1 66. h8=Q Rxf1 (66... c1=Q {Hecht} 67. Qb8+ Ka2 68. Qa7+ Kb2 69. Qb6+ Ka2
70. Qa5+ $18) 67. Qh3+ $18) 61... Kc4 (61... Kd4 62. Rf2 $1 (62. Kg7 Kd3 63.
Rf2 c2 64. Rxc2 Kxc2 65. h8=Q Rxh8 66. Kxh8 Kd3 $10) 62... Ke3 63. Rf3+ Kd2 64.
g4 c2 65. Rf1 c1=Q 66. Rxc1 Kxc1 67. Kg7 $18) 62. Rf2 (62. g4 $5 Rxe2 63. h8=Q
c2 $44) (62. Re4+ {Hecht} Kd3 $10) 62... Kb3 $1 63. g4 (63. Kg7 c2 64. Rxc2
Kxc2 65. h8=Q Rxh8 66. Kxh8 Kd3 $10) 63... Rxf2 $8 64. h8=Q Rb2 $1 {/\c2=} 65.
Qh3 Kb4 66. Qh8 Kb3 67. Qg8+ Kc2 68. Kh5 (68. Qc4 $5 Rb3 {/\Kb2,c2}) 68... Kb1
69. g5 c2 70. Qh7 (70. Qh7 Ka1 71. Qc7 Kb1 $10) 1/2-1/2